Home Print Resources E-Books E-Journals IIMT Lecture Series Library Membership Form Book Recommendation Form Campus Tour Take AdmissionAbout Us Contact Us

THE GREAT AGES OF WORLD ARCHITECTURE (Record no. 19333)

000 -LEADER
fixed length control field 00393nam a2200169Ia 4500
003 - CONTROL NUMBER IDENTIFIER
control field OSt
005 - DATE AND TIME OF LATEST TRANSACTION
control field 20240427143706.0
008 - FIXED-LENGTH DATA ELEMENTS--GENERAL INFORMATION
fixed length control field 170619s9999 xx 000 0 und d
020 ## - INTERNATIONAL STANDARD BOOK NUMBER
International Standard Book Number 97889928889
040 ## - CATALOGING SOURCE
Transcribing agency IIMT ENGINEERING COLLEGE
100 ## - MAIN ENTRY--PERSONAL NAME
Personal name HIRASKAR G.K
245 #4 - TITLE STATEMENT
Title THE GREAT AGES OF WORLD ARCHITECTURE
260 ## - PUBLICATION, DISTRIBUTION, ETC.
Name of publisher, distributor, etc. BSP
260 ## - PUBLICATION, DISTRIBUTION, ETC.
Date of publication, distribution, etc. 2011
546 ## - LANGUAGE NOTE
Language note ENGLISH
942 ## - ADDED ENTRY ELEMENTS (KOHA)
Source of classification or shelving scheme
Koha item type Book Bank
Holdings
Withdrawn status Lost status Source of classification or shelving scheme Damaged status Not for loan Home library Current library Date acquired Source of acquisition Total Checkouts Barcode Date last seen Price effective from Koha item type Public note
          IIMT Engineering College-BTech IIMT Engineering College-BTech 01/11/2011 3   06-B-45956 07/03/2017 07/03/2017 Text-Book- for 7 days  
          IIMT Engineering College-BTech IIMT Engineering College-BTech 01/11/2011 3   06-B-45957 07/03/2017 07/03/2017 Text-Book- for 7 days  
          IIMT Engineering College-BTech IIMT Engineering College-BTech 01/11/2011 3   06-B-45958 07/03/2017 07/03/2017 Text-Book- for 7 days trns ce
          IIMT Engineering College-BTech IIMT Engineering College-BTech 01/11/2011 3   06-B-45959 07/03/2017 07/03/2017 Text-Book- for 7 days  
          IIMT Engineering College-BTech IIMT Engineering College-BTech 01/11/2011 3   06-B-45960 07/03/2017 07/03/2017 Text-Book- for 7 days trns ce
IIMT, Central Library. All Rights Reserved IIMT,UNIVERSITY © 2023
Implemented and Customised by I CLOUDE EMS
You Are OPAC Visitor No
free web counter

Powered by Koha